000 00276nam a22001097a 4500
082 _a370/TAB
100 _aTabassum,Shahla
_983967
245 _aMuslim wo-men in higher education in india
260 _aNew delhi
_bResearch india press
_c2020
650 _aEducation
942 _cBK
999 _c68984
_d68984